Catalog

Record Details

Catalog Search



The socialite's guide to sleuthing and secrets / ... Read More

Golden, S. K.,(author.).

Available copies

  • 2 of 2 copies available at LARL/NWRL Consortium.
  • 2 of 2 copies available at Lake Agassiz Regional Library. (Show preferred library)

Current holds

0 current holds with 2 total copies.

Show Only Available Copies
Location Call Number / Copy Notes Barcode Shelving Location Status Due Date
Barnesville Public Library M GOL (Text) 33500014173793 Main Available -
Hawley Public Library M GOL (Text) 33500014173801 Main Available -

Record details

  • ISBN: 9798892420266
  • Physical Description: 280 pages ; 22 cm.
  • Edition: First edition.
  • Publisher: New York : Crooked Lane, 2025.

Content descriptions

Summary, etc.:
Hotel heiress Evelyn Murphy is on the hunt for a ... Read More
Subject: Socialites > Fiction.
Hotelkeepers > Fiction.
Murder > Investigation > Fiction.
Genre: Detective and mystery fiction.
Cozy mysteries.
LDR 02566cam a2200409 i 4500
001455009
003LARL_NWRL_CONSORTIUM
00520250324164539.0
008240622t20252025nyu 000 1 eng d
040 . ‡aYDX ‡beng ‡erda ‡cYDX ‡dOCLCO ‡dOCLCQ ‡dHSA ‡dOCLCO ‡dJAS ‡dUAG
020 . ‡a9798892420266 ‡q(hardcover)
035 . ‡a(OCoLC)1440669501
08204. ‡a813.6 ‡223/eng/20250307
1001 . ‡aGolden, S. K., ‡eauthor.
24514. ‡aThe socialite's guide to sleuthing and secrets / ‡cS.K. Golden.
24614. ‡aSocialite's guide to sleuthing & secrets
250 . ‡aFirst edition.
264 1. ‡aNew York : ‡bCrooked Lane, ‡c2025.
264 4. ‡c©2025
300 . ‡a280 pages ; ‡c22 cm.
336 . ‡atext ‡btxt ‡2rdacontent
337 . ‡aunmediated ‡bn ‡2rdamedia
338 . ‡avolume ‡bnc ‡2rdacarrier
4900 . ‡aPinnacle Hotel ; ‡v3
520 . ‡aHotel heiress Evelyn Murphy is on the hunt for a cunning killer and a mysterious thief in the third Pinnacle Hotel mystery, perfect for fans of Rhys Bowen and Ashley Weaver. New York, 1958. When Evelyn's mail is delivered during a luncheon in the Gold Room, she's surprised to find she has received a diamond tiara, which catches the attention of a costume jewelry sales team lunching nearby. Their leader, Lois Mitchel, is especially interested, but by the end of the lunch, Lois has choked and fallen into Evelyn's lap--and by the end of the day, she's dead. The papers report on the death the next day, while also spreading news of a Gentleman Thief who's been leaving behind a red pocket square after robbing the city's wealthiest. Determined to figure out what happened to Lois, Evelyn devotes herself to the investigation. The truth is as rare as a diamond and just as hard to crack, and Evelyn swiftly discovers that this particular mystery is multifaceted, too. From costume jewelry hawkers to wannabe Robin Hoods and a detective in residence at the Pinnacle, nothing is simple. But neither is Evelyn--and this case is hers to solve. -- ‡cfantasticfiction.com
650 0. ‡aSocialites ‡vFiction. ‡0(LARL_NWRL_CONSORTIUM)167207
650 0. ‡aHotelkeepers ‡vFiction. ‡0(LARL_NWRL_CONSORTIUM)165689
650 0. ‡aMurder ‡xInvestigation ‡vFiction. ‡0(LARL_NWRL_CONSORTIUM)166203
655 7. ‡aDetective and mystery fiction. ‡2lcgft
655 7. ‡aCozy mysteries. ‡2lcgft
901 . ‡a455009 ‡bOCoLC ‡c455009 ‡tbiblio ‡soclc

Additional Resources